|
|
|
|
| LEADER |
03921cam a22004217a 4500 |
| 008 |
091008s2009 gw a b 001 0 eng |
| 010 |
|
|
|a 2009499137
|
| 015 |
|
|
|a GBA8A8172
|2 bnb
|
| 016 |
7 |
|
|a 101495180
|2 DNLM
|
| 016 |
7 |
|
|a 014750105
|2 Uk
|
| 020 |
|
|
|a 9783527320714 (alk. paper)
|
| 035 |
|
|
|a (OCoLC)ocn299239569
|
| 042 |
|
|
|a ukblcatcopy
|a nlmcopyc
|a lccopycat
|
| 060 |
0 |
0 |
|a 2009 B-178
|
| 060 |
1 |
0 |
|a QU 135
|b M6889 2009
|
| 070 |
0 |
|
|a QP601
|b .M622 2009
|
| 082 |
0 |
4 |
|a 660.634
|2 22
|
| 084 |
|
|
|a 58.30
|2 bcl
|
| 084 |
|
|
|a 35.17
|2 bcl
|
| 245 |
0 |
0 |
|a Modern biocatalysis :
|b stereoselective and environmentally friendly reactions /
|c edited by Wolf-Dieter Fessner and Thorleif Anthonsen.
|
| 260 |
|
|
|a Weinheim :
|b Wiley-VCH,
|c c2009.
|
| 300 |
|
|
|a xxiii, 375 p. :
|b ill. (some col.) ;
|c 25 cm.
|
| 504 |
|
|
|a Includes bibliographical references and index.
|
| 505 |
0 |
|
|a Fluorescence assays for biotransformations / Jean-Louis Reymond -- Immobilization as a tool for improving enzymes / Ulf Hanefeld -- Continuous-flow microchannel reactors with surface-immobilized biocatalysts / Malene S. Thomsen and Bernd Nidetzky -- Activity and stability of proteases in hydrophilic solvents / Lars Haastrup Pedersen, Sinthuwat Ritthitham, and Morten Kristensen -- Importance of enzyme formulation for the activity and enantioselectivity of lipases in organic solvents / Francesco Secundo -- Direct esterification with dry mycelia of molds : a (stereo)selective, mild and efficient method for obtaining structurally diverse esters / Francesco Molinari ... [et al.] -- Factors affecting enantioselectivity : allosteric effects / Elisabeth Egholm Jacobsen and Thorleif Anthonsen -- Kinetic resolution of sec-alcohol in non-conventional media / Maja Habulin, Mateja Primožič and Željko Knez -- Strategies for the biocatalytic lipophilization of phenolic antioxidants / Maria H. Katsoura ... [et al.] -- Biocatalysis applied to the synthesis of nucleoside analogs / Vicente Gotor -- Efficient fructooligosaccharide synthesis with a fructosyltransferase from Aspergillus aculeatus / Francisco J. Plou ... [et al.] --
|
| 505 |
0 |
|
|a Hydantoin racemase : the key enzyme for the production of optically pure [alpha]-amino acids / Francisco Javier Las Heras-Vázquez ... [et al.] -- Chemo-enzymatic deracemization methods / Davide Tessaro ... [et al.] -- Nitrilases from filamentous fungi / Ludmila Martínková ... [et al.] -- Nitrilase- and nitrile hydratase-catalyzed enantioselective preparation of non-proteinogenic amino acids / Norbert Klempier and Margit Winkler -- Nitrilases in the enantioselective synthesis of a [alpha]-hydroxycarboxylic acids / Fred van Rantwijk ... [et al.] -- UF-membrane bioreactors for kinetics characterization of nitrile hydratase-amidase-catalyzed reactions : a short survey / Maria Cantarella ... [et al.] -- Enzymes catalyzing C-C bond formation for the synthesis of monosaccharide analogs / Laurence Hecquet ... [et al.] -- Novel strategies in aldolase-catalyzed synthesis of iminosugars / Pere Clapés, Geog A. Sprenger and Jesús Joglar -- Biocatalytic asymmetric oxidations with oxygen / Roland Wohlgemuth -- Second generation Baeyer-Villiger biocatalysts / Veronique Alphand ... [et al.]
|
| 650 |
|
0 |
|a Enzymes
|
| 650 |
|
0 |
|a Catalysis.
|
| 650 |
1 |
2 |
|a Biocatalysis.
|
| 650 |
2 |
2 |
|a Biotechnology
|
| 650 |
2 |
2 |
|a Enzymes
|
| 700 |
1 |
|
|a Fessner, W.-D.
|
| 700 |
1 |
|
|a Anthonsen, Thorleif.
|
| 906 |
|
|
|a 7
|b cbc
|c copycat
|d 2
|e ncip
|f 20
|g y-gencatlg
|
| 942 |
|
|
|c REF
|
| 955 |
|
|
|b xh10 2009-10-08 z-processor to USPL/STM
|a xh00 2009-10-08 to USPL/STM
|i xh08 2010-04-06 to BCCD
|
| 999 |
|
|
|c 96862
|d 96862
|
| 952 |
|
|
|0 0
|1 0
|4 0
|6 660_634000000000000_MOD
|7 0
|9 96532
|a UL
|b UL
|c REF
|d 2011-12-20
|g 0.00
|l 0
|o 660.634 MOD
|p 87084
|r 2012-10-28
|v 11235.00
|x 32
|y REF
|k D. 210.00
|
| 952 |
|
|
|0 0
|1 0
|4 0
|6 660_634000000000000_FES_M
|7 0
|9 161749
|a BIO
|b BIO
|c REF
|d 2018-08-23
|g 0.00
|i 1758
|l 0
|o 660.634 FES/ M
|p BIO1758
|r 2013-12-28
|w 2018-08-10
|y REF
|